[Event "30th Biel Festival"]
[Site "Biel SUI"]
[Date "1997.07.21"]
[Round "1"]
[White "Milov, Vadim"]
[Black "Gelfand, Boris"]
[Result "0-1"]
[WhiteElo "2635"]
[BlackElo "2695"]
[PlyCount "100"]
[EventDate "1997.07.21"]

1. d4 Nf6 2. c4 e6 3. Nc3 Bb4 4. e3 c5 5. Bd3 Nc6 6. Nge2 cxd4 7. exd4 d5 8. cxd5 Nxd5 9. a3 Bd6 10. Ne4 Be7 11. Bc2 O-O 12. Qd3 Qc7 13. O-O Rd8 14. Ng5 g6 15. Bb3 Bf8 16. Rd1 Bg7 17. Nf3 b6 18. Bg5 f6 19. Bh4 Nce7 20. Bg3 Qd7 21. Re1 Bb7 22. Nc3 Nf5 23. Re2 Re8 24. Ne4 Bc6 25. Bc4 a6 26. Rc1 Bb5 27. Rec2 Bxc4 28. Rxc4 Rec8 29. h3 Rxc4 30. Qxc4 Qb5 31. Qc6 Qxc6 32. Rxc6 Kf7 33. Bh2 Ke7 34. g4 Kd7 35. Rc2 Nfe7 36. Nd6 g5 37. h4 gxh4 38. Nxh4 Nc6 39. Nf3 Rg8 40. Kf1 Bf8 41. Nc4 Rxg4 42. Ne3 Re4 43. Nxd5 exd5 44. Rc3 Be7 45. Rd3 h5 46. Bg3 Bd8 47. a4 b5 48. axb5 axb5 49. Rd1 Bb6 50. Kg2 Nxd4 0-1

[Event "30th Biel Festival"]
[Site "Biel SUI"]
[Date "1997.07.21"]
[Round "1"]
[White "Pelletier, Yannick"]
[Black "Karpov, Anatoly"]
[Result "0-1"]
[WhiteElo "2465"]
[BlackElo "2745"]
[PlyCount "76"]
[EventDate "1997.07.21"]

1. d4 Nf6 2. c4 e6 3. Nf3 b6 4. a3 Bb7 5. Nc3 d5 6. Bg5 Be7 7. Qa4+ Bc6 8. Qb3 dxc4 9. Qxc4 O-O 10. e3 Bb7 11. Be2 a6 12. Rc1 Nbd7 13. O-O b5 14. Qa2 c5 15. Rfd1 Nd5 16. Bxe7 Qxe7 17. dxc5 Nxc5 18. b4 Nxc3 19. Rxc3 Ne4 20. Rcd3 Bd5 21. Qb2 Rac8 22. Nd2 Nd6 23. f3 Bc4 24. Nxc4 Nxc4 25. Qb3 Nb6 26. Bf1 h6 27. Rd6 Nd5 28. Rxa6 Rc3 29. Qb2 Rfc8 30. e4 Ne3 31. Re1 Nxf1 32. Rxf1 Rc2 33. Qe5 Rd8 34. Qxb5 Rdd2 35. Qb8+ Kh7 36. Qg3 Qd7 37. Ra5 Qd4+ 38. Kh1 Rd1 0-1

[Event "30th Biel Festival"]
[Site "Biel SUI"]
[Date "1997.07.22"]
[Round "2"]
[White "Milov, Vadim"]
[Black "Anand, Viswanathan"]
[Result "1/2-1/2"]
[WhiteElo "2635"]
[BlackElo "2765"]
[PlyCount "35"]
[EventDate "1997.07.21"]

1. d4 Nf6 2. c4 e6 3. Nc3 Bb4 4. e3 c5 5. Bd3 Nc6 6. Nge2 cxd4 7. exd4 d5 8. cxd5 Nxd5 9. a3 Nxc3 10. bxc3 Be7 11. Be4 Bd7 12. O-O Rc8 13. Nf4 Na5 14. Re1 O-O 15. d5 e5 16. d6 Bxd6 17. Qxd6 exf4 18. Bxf4 1/2-1/2

[Event "30th Biel Festival"]
[Site "Biel SUI"]
[Date "1997.07.23"]
[Round "3"]
[White "Anand, Viswanathan"]
[Black "Gelfand, Boris"]
[Result "1-0"]
[WhiteElo "2765"]
[BlackElo "2695"]
[PlyCount "73"]
[EventDate "1997.07.21"]

1. e4 c5 2. Nf3 d6 3. d4 cxd4 4. Nxd4 Nf6 5. Nc3 a6 6. Be3 Ng4 7. Bg5 h6 8. Bh4 g5 9. Bg3 Bg7 10. Qd2 Nc6 11. Nb3 f5 12. exf5 Bxf5 13. h4 Qd7 14. O-O-O Nb4 15. Nd4 Rc8 16. a3 Rxc3 17. bxc3 Qa4 18. Kb2 Nd5 19. hxg5 hxg5 20. Qxg5 Bxd4 21. Rxh8+ Bxh8 22. Qh5+ Kd8 23. Qxh8+ Kd7 24. Rd2 Ngf6 25. c4 Nc3 26. f3 Nd1+ 27. Kc1 Ne3 28. Bxd6 Nxf1 29. Qf8 Nd5 30. Bxe7 Nxd2 31. Qd8+ Ke6 32. cxd5+ Ke5 33. Qd6+ Kd4 34. Qc5+ Ke5 35. Qd6+ Kd4 36. Qf4+ Ne4 37. Qxf5 1-0

[Event "30th Biel Festival"]
[Site "Biel SUI"]
[Date "1997.07.26"]
[Round "5"]
[White "Anand, Viswanathan"]
[Black "Pelletier, Yannick"]
[Result "1-0"]
[WhiteElo "2765"]
[BlackElo "2465"]
[PlyCount "73"]
[EventDate "1997.07.21"]

1. e4 c5 2. Nf3 d6 3. d4 cxd4 4. Nxd4 Nf6 5. Nc3 Nc6 6. Bg5 e6 7. Qd2 Be7 8. O-O-O Nxd4 9. Qxd4 a6 10. f3 Qc7 11. g4 b5 12. Qd2 O-O 13. Ne2 Rd8 14. h4 Bb7 15. Kb1 Rab8 16. Bg2 b4 17. Nd4 a5 18. h5 a4 19. Be3 Nd7 20. g5 Ne5 21. b3 Ba6 22. g6 Bf6 23. gxf7+ Qxf7 24. Bh3 Re8 25. f4 Nd7 26. e5 dxe5 27. Bxe6 Rxe6 28. Nxe6 axb3 29. axb3 exf4 30. Nxf4 Ra8 31. Bd4 Ne5 32. Bxe5 Bxe5 33. Qd8+ Rxd8 34. Rxd8+ Qf8 35. Rxf8+ Kxf8 36. Nd5 Bd6 37. Rh4 1-0

[Event "30th Biel Festival"]
[Site "Biel SUI"]
[Date "1997.07.26"]
[Round "5"]
[White "Milov, Vadim"]
[Black "Karpov, Anatoly"]
[Result "1/2-1/2"]
[WhiteElo "2635"]
[BlackElo "2745"]
[PlyCount "159"]
[EventDate "1997.07.21"]

1. d4 Nf6 2. c4 e6 3. Nc3 Bb4 4. e3 c5 5. Bd3 d5 6. cxd5 Nxd5 7. Nge2 cxd4 8. exd4 Nc6 9. a3 Bd6 10. Ne4 Be7 11. Bc2 O-O 12. O-O Qc7 13. Qd3 Rd8 14. Ng5 g6 15. Bb3 Bf8 16. Qh3 Nf6 17. Nf3 Qb6 18. Ba2 Bg7 19. Qh4 Nd5 20. Nc3 Nce7 21. Nxd5 Nxd5 22. Bh6 f6 23. Bxg7 Kxg7 24. Rab1 Bd7 25. Rfe1 Be8 26. Qe4 Bf7 27. h4 h6 28. Re2 Rac8 29. Rbe1 Rc6 30. Bb1 Qc7 31. g3 h5 32. Ba2 Ne7 33. Qd3 Rdd6 34. Qd2 Nd5 35. Bb1 Qc8 36. Be4 Rc7 37. Bb1 Qd7 38. Re4 Rc8 39. R4e2 Qb5 40. Kh2 Rdc6 41. Bd3 Qb3 42. Be4 Qb5 43. Ng1 R6c7 44. Nh3 Rd7 45. Bxd5 Qxd5 46. Nf4 Qf5 47. Qe3 Rc6 48. Rd2 Rcd6 49. Red1 Rd8 50. Rd3 a6 51. R3d2 Qa5 52. Rd3 Qb6 53. Rb3 Qa7 54. Rbd3 R8d7 55. R1d2 Qb6 56. Rb3 Qd8 57. Rbd3 a5 58. f3 Qb6 59. Qe4 Qc6 60. Qe3 Qb5 61. Kg2 Qf5 62. Rd1 Rd8 63. R1d2 R6d7 64. Rd1 Re8 65. Qf2 g5 66. hxg5 fxg5 67. Ne2 e5 68. Nc3 Bg6 69. R3d2 g4 70. dxe5 gxf3+ 71. Qxf3 Qxf3+ 72. Kxf3 Rf7+ 73. Kg2 Rxe5 74. Rd4 Kh6 75. R1d2 b5 76. Rf2 Rb7 77. Re2 Rxe2+ 78. Nxe2 b4 79. axb4 Rxb4 80. Rxb4 1/2-1/2

[Event "30th Biel Festival"]
[Site "Biel SUI"]
[Date "1997.07.27"]
[Round "6"]
[White "Lautier, Joel"]
[Black "Anand, Viswanathan"]
[Result "0-1"]
[WhiteElo "2660"]
[BlackElo "2765"]
[PlyCount "68"]
[EventDate "1997.07.21"]

1. e4 c5 2. Nf3 d6 3. d4 cxd4 4. Nxd4 Nf6 5. Nc3 a6 6. Bc4 e6 7. Bb3 b5 8. O-O b4 9. Na4 Bd7 10. f4 Nc6 11. Be3 Rb8 12. c3 Be7 13. e5 dxe5 14. fxe5 Nxe5 15. Bf4 Ng6 16. Bxb8 Qxb8 17. cxb4 Bxb4 18. Rc1 O-O 19. Kh1 Rd8 20. Nc5 Bxc5 21. Rxc5 Bb5 22. Rxf6 gxf6 23. Qg1 Be8 24. Nc6 Bxc6 25. Rxc6 a5 26. Qf2 Kg7 27. h3 Rd7 28. Rc5 Qd8 29. Qe3 Rd3 30. Qe1 Qd4 31. Rxa5 Re3 32. Qc1 Qe4 33. Kh2 Qf4+ 34. Kg1 Qg3 0-1

[Event "30th Biel Festival"]
[Site "Biel SUI"]
[Date "1997.07.30"]
[Round "8"]
[White "Gelfand, Boris"]
[Black "Anand, Viswanathan"]
[Result "1/2-1/2"]
[WhiteElo "2695"]
[BlackElo "2765"]
[PlyCount "63"]
[EventDate "1997.07.21"]

1. d4 d5 2. Nf3 e6 3. c4 dxc4 4. e3 Nf6 5. Bxc4 c5 6. O-O a6 7. Bd3 cxd4 8. exd4 Be7 9. Ne5 Nc6 10. Nxc6 bxc6 11. Be3 O-O 12. Qc2 Qc7 13. Nd2 h6 14. Rac1 Bb7 15. Ne4 Nd5 16. Qe2 Rfd8 17. Rfd1 a5 18. Nc5 Nxe3 19. fxe3 Bd6 20. h3 a4 21. Be4 Ra5 22. Nxb7 Qxb7 23. Rxc6 Qb8 24. Rdc1 g6 25. R1c2 Ra7 26. Qc4 Kg7 27. Bf3 Be7 28. Rc7 Bg5 29. Kf2 Bh4+ 30. Kg1 Bg5 31. Kf2 Bh4+ 32. Kg1 1/2-1/2

[Event "30th Biel Festival"]
[Site "Biel SUI"]
[Date "1997.07.30"]
[Round "8"]
[White "Lautier, Joel"]
[Black "Karpov, Anatoly"]
[Result "1-0"]
[WhiteElo "2660"]
[BlackElo "2745"]
[PlyCount "85"]
[EventDate "1997.07.21"]

1. e4 c6 2. d4 d5 3. Nc3 dxe4 4. Nxe4 Nd7 5. Ng5 Ngf6 6. Bd3 e6 7. N1f3 Bd6 8. Qe2 h6 9. Ne4 Nxe4 10. Qxe4 c5 11. O-O Nf6 12. Qh4 cxd4 13. Re1 Bd7 14. Nxd4 Qa5 15. Be3 Kf8 16. Bf4 Bxf4 17. Qxf4 Rc8 18. Nf3 Ke7 19. Qg3 Qb4 20. Ne5 g5 21. c4 Rhd8 22. Qh3 h5 23. Qe3 g4 24. a3 Qxb2 25. Rab1 Qxa3 26. Nxf7 Qc5 27. Nxd8 Qxe3 28. Rxe3 Kxd8 29. Rxb7 a5 30. Ra7 Rc5 31. f4 gxf3 32. Rxf3 Ne8 33. Rf7 Nc7 34. Rh7 Be8 35. Kf2 Kc8 36. Rh8 Kd7 37. Ke3 e5 38. Be2 Bg6 39. Bxh5 Bf5 40. Be2 Be6 41. h4 Kc6 42. Rh6 Kd7 43. h5 {Black resigns} 1-0